000 00238nam a2200109Ia 4500
008 200302s9999 xx 000 0 und d
100 _aSarah Carr - Gomm
245 _aGoya
260 _bParkstone Press
260 _c2000
300 _a174 P.,
999 _c1719
_d1719